000 00815nam a2200253 a 4500
001 81461
003 BD-RjUL
005 20230525145844.0
008 230525s2022 ii ||||| |||| 00| 0 eng d
020 _a9789390912759
035 _a(BD-RjUL)81461
040 _aBD-RjUL
_beng
_cBD-RjUL
041 _aeng
082 _223
_a348.54044
_bACL 2022
100 _aAcharya, N. K.
_97672
245 _aLandmark judgments of supreme court (1950-2021) :
_bannotated together with precedents /
_cN. K. Acharya ; Revised by V. K. Dewan; Foreword by Arijit Pasayat.
250 _a6th edition
260 _aHyderabad :
_bAsia Law House,
_c2022
300 _a1694 Pages;
_c24 cm.
650 _aLaw reports, digests, etc. India
_97673
700 _aDewan, V. K.
_97674
700 _aPasayat, Arijit
_97675
942 _2ddc
_cBK
999 _c81461
_d81461